{"text_format":"3","workbook":"xlsx","n_sheets":7,"sheets":["表3-5 单位工程预算价汇总表","表3-6 分部分项工程计价表","3.1措施项目费汇总表（输出清单项）","表3-13 其他项目计价表","表3-19 规费和税金项目计算表","5.5主要材料价格表","1.1.2综合单价计算表"],"read":"whole","date_system":"1900"}

{"sheet":"表3-5 单位工程预算价汇总表","index":0,"n_rows":22,"n_cols":6,"rows_kept":22,"merged":[[0,0,0,5],[1,0,1,2],[1,4,1,5],[2,2,2,4],[3,2,3,4],[4,2,4,4],[5,2,5,4],[6,2,6,4],[7,2,7,4],[8,2,8,4],[9,2,9,4],[10,2,10,4],[11,2,11,4],[12,2,12,4],[13,2,13,4],[14,2,14,4],[15,2,15,4],[16,2,16,4],[17,2,17,4],[18,2,18,4],[19,2,19,4],[20,2,20,4],[21,2,21,4],[22,2,22,4],[23,2,23,4],[24,2,24,4],[25,2,25,4],[26,2,26,4],[27,2,27,4],[28,2,28,4],[29,2,29,4],[30,2,30,4],[31,2,31,4],[32,2,32,4],[33,2,33,4],[34,2,34,4],[35,2,35,4]]}
["单位工程造价汇总表"]
["工程名称：南村派出所内部道路铺设沥青工程",{"$nulls":3},"第 1 页  共 1 页"]
["序号","费 用 名 称","计 算 基 础",null,null,"金  额（元）"]
["1","分部分项合计","分部分项合计",null,null,287711.08]
["2","措施合计","绿色施工安全防护措施费+其他措施费",null,null,6269.32]
["2.1","绿色施工安全防护措施费","安全及文明施工措施费",null,null,6269.32]
["2.2","其他措施费","其他措施费"]
["3","其他项目","其他项目合计"]
["3.1","暂列金额","暂列金额"]
["3.2","暂估价","暂估价合计"]
["3.3","计日工","计日工"]
["3.4","总承包服务费","总承包服务费"]
["3.5","预算包干费","预算包干费"]
["3.6","工程优质费","工程优质费"]
["3.7","概算幅度差","概算幅度差"]
["3.8","索赔费用","索赔费用"]
["3.9","现场签证费用","现场签证费用"]
["3.10","其他费用","其他费用"]
["4","税前工程造价","分部分项合计+措施合计+其他项目",null,null,293980.4]
["5","增值税销项税额","分部分项合计+措施合计+其他项目",null,null,26458.24]
["6","总造价","分部分项合计+措施合计+其他项目+增值税销项税额",null,null,320438.64]
["7","人工费","分部分项人工费+技术措施项目人工费",null,null,8288.91]

{"sheet":"表3-6 分部分项工程计价表","index":1,"n_rows":30,"n_cols":10,"rows_kept":30,"merged":[[0,0,0,9],[1,0,1,5],[1,7,1,9],[2,0,3,0],[2,1,3,1],[2,2,3,2],[2,3,3,3],[2,4,3,4],[2,5,3,7],[2,8,2,9],[4,5,4,7],[5,5,5,7],[6,5,6,7],[7,5,7,7],[8,5,8,7],[9,5,9,7],[10,5,10,7],[11,5,11,7],[12,5,12,7],[13,2,13,3],[13,5,13,7],[14,5,14,7],[15,5,15,7],[16,5,16,7],[17,5,17,7],[18,5,18,7],[19,5,19,7],[20,5,20,7],[21,5,21,7],[22,5,22,7],[23,5,23,7],[24,5,24,7],[25,5,25,7],[26,5,26,7],[27,5,27,7],[28,0,28,8],[29,0,29,8]]}
["分部分项工程计价表"]
["工程名称：南村派出所内部道路铺设沥青工程",{"$nulls":6},"第 1 页  共 1 页"]
["序号","项目编码","项目名称","项目特征描述","计量\n单位","工程数量",null,null,"金额（元）"]
[{"$nulls":8},"综合单价","合价"]
[1,"041001004001","铣刨路面","1.清洗、铣刨1cm砼路面","m2","2984.43",null,null,8.96,26740.49]
[2,"040103002001","余方弃置","1.废弃料品种:旧路材料(道碴)\n2.运距:15km","m3","29.8443",null,null,60.67,1810.65]
[3,"040203003001","透层、粘层","1.材料品种:乳化沥青PC-3\n2.喷油量:0.6-0.8kg/m2","m2","2984.43",null,null,3.02,9012.98]
[4,"040203006001","沥青混凝土","1.沥青品种:细粒式改性沥青砼（AC-13C）\n2.厚度:4.5cm","m2","2984.43",null,null,80.05,238903.62]
[5,"040204006001","检查井升降","1.提升原有检查井（含自来水井等）\n2.利用原有井盖","座","36",null,null,144.38,5197.68]
[6,"040204006002","检查井升降","1.提升原有雨水口井\n2.利用原有井盖","座","20",null,null,98.45,1969]
[7,"040205006001","标线","1.材料品种:热熔型反光环保涂料","m2","115.4",null,null,33.64,3882.06]
[8,"040205007001","标记","1.类型:直行导向箭头\n2.规格尺寸:线长3m，线厚2.0mm","个","4",null,null,24.89,99.56]
[9,"040205007002","标记","1.类型:左转/右转导向箭头\n2.规格尺寸:线长3m，线厚2.0mm","个","3",null,null,31.68,95.04]
[{"$nulls":9},287711.08]
{"$rows_empty":14}
["本页小计",{"$nulls":8},287711.08]
["合  计",{"$nulls":8},287711.08]

{"sheet":"3.1措施项目费汇总表（输出清单项）","index":2,"n_rows":38,"n_cols":8,"rows_kept":38,"merged":[[0,0,0,7],[1,0,1,5],[1,6,1,7],[2,0,2,0],[2,1,2,2],[2,3,2,3],[2,4,2,4],[2,5,2,6],[3,1,3,2],[3,5,3,6],[4,1,4,2],[4,5,4,6],[5,1,5,2],[5,5,5,6],[6,1,6,2],[6,5,6,6],[7,1,7,2],[7,5,7,6],[8,1,8,2],[8,5,8,6],[9,1,9,2],[9,5,9,6],[10,1,10,2],[10,5,10,6],[11,1,11,2],[11,5,11,6],[12,1,12,2],[12,5,12,6],[13,1,13,2],[13,5,13,6],[14,1,14,2],[14,5,14,6],[15,1,15,2],[15,5,15,6],[16,1,16,2],[16,5,16,6],[17,1,17,2],[17,5,17,6],[18,1,18,2],[18,5,18,6],[19,1,19,2],[19,5,19,6],[20,1,20,2],[20,5,20,6],[21,1,21,2],[21,5,21,6],[22,1,22,2],[22,5,22,6],[23,1,23,2],[23,5,23,6],[24,1,24,2],[24,5,24,6],[25,1,25,2],[25,5,25,6],[26,1,26,2],[26,5,26,6],[27,1,27,2],[27,5,27,6],[28,1,28,2],[28,5,28,6],[29,1,29,2],[29,5,29,6],[30,1,30,2],[30,5,30,6],[31,1,31,2],[31,5,31,6],[32,1,32,2],[32,5,32,6],[33,1,33,2],[33,5,33,6],[34,1,34,2],[34,5,34,6],[35,1,35,2],[35,5,35,6],[36,1,36,2],[36,5,36,6],[37,1,37,2],[37,5,37,6]]}
["措施项目费汇总表"]
["工程名称：南村派出所内部道路铺设沥青工程",{"$nulls":5},"第 1 页 共 1 页"]
["编码","名称",null,"单位","数量","单价（元）",null,"合价（元）"]
["1","绿色施工安全防护措施费"]
["1.1","综合脚手架",null,"项",1]
["1.2","靠脚手架安全挡板",null,"项",1]
["1.3","围尼龙编制布",null,"项",1]
["1.4","桥梁支架",null,"项",1]
["1.5","施工现场围挡和临时占地围挡",null,"项",1]
["1.6","施工围挡照明",null,"项",1]
["1.7","独立安全防护挡板",null,"项",1]
["1.8","吊装设备基础",null,"项",1]
["LSSGCSF00001","绿色施工安全防护措施费",null,"项","RGF+JXF","16.5%",null,6269.32]
[null,"小计",null,"元",{"$nulls":3},6269.32]
["2","措施其他项目"]
["粤041109009001","文明工地增加费",null,"项","RGF+JXF","0%"]
["041109002001","夜间施工增加费",null,"项",null,"20%"]
["041109005001","交通疏解员增加费",null,"项",null,"15%"]
["041108001001","地下管线交叉降效费",null,"项",null,"0%"]
["粤041109008001","赶工措施费",null,"项","RGF+JXF","0%"]
["QTFY00000001","其他费用",null,"项",1]
["2.7","围堰工程",null,"项",1]
["2.8","材料二次运输",null,"项",1]
["2.9","井点降水工程",null,"项",1]
["2.10","施工护栏",null,"项",1]
["2.11","监测量控工程",null,"项",1]
[null,"小计",null,"元"]
{"$rows_empty":10}
[null,"合计",{"$nulls":5},"6269.32"]

{"sheet":"表3-13 其他项目计价表","index":3,"n_rows":32,"n_cols":7,"rows_kept":32,"merged":[[0,0,0,6],[1,0,1,3],[1,5,1,6],[2,3,2,5],[3,3,3,5],[4,3,4,5],[5,3,5,5],[6,3,6,5],[7,3,7,5],[8,3,8,5],[9,3,9,5],[10,3,10,5],[11,3,11,5],[12,3,12,5],[13,3,13,5],[14,3,14,5],[15,3,15,5],[16,3,16,5],[17,3,17,5],[18,3,18,5],[19,3,19,5],[20,3,20,5],[21,3,21,5],[22,3,22,5],[23,3,23,5],[24,3,24,5],[25,3,25,5],[26,3,26,5],[27,3,27,5],[28,3,28,5],[29,3,29,5],[30,3,30,5],[31,0,31,2],[31,3,31,5]]}
["其他项目清单与计价表"]
["工程名称：南村派出所内部道路铺设沥青工程",{"$nulls":4},"第 1 页  共 1 页"]
["序号","项目名称","单位","金额（元）",null,null,"备注"]
["1","暂列金额","项"]
["2","暂估价","项"]
["2.1","材料暂估价","项"]
["2.2","专业工程暂估价","项"]
["3","计日工","项"]
["4","总承包服务费","项"]
["5","预算包干费","项",{"$nulls":3},"按分部分项的人工费与施工机具费之和的 6.00%计算"]
["6","工程优质费","项",{"$nulls":3},"按分部分项的人工费与施工机具费之和为计算基础\n国家级质量奖：12.10%；省级质量奖：7.20%；市级质量奖：4.50%"]
["7","概算幅度差","项",{"$nulls":3},"按分部分项工程费的3.00%计算"]
["8","现场签证费用","项"]
["9","索赔费用","项"]
["10","其他费用","项",{"$nulls":3},"按实际发生或经批准的施工方案计算"]
{"$rows_empty":16}
["合    计",null,null,"0.00",null,null,"-"]

{"sheet":"表3-19 规费和税金项目计算表","index":4,"n_rows":38,"n_cols":7,"rows_kept":38,"merged":[[0,0,0,6],[1,0,1,3],[1,5,1,6],[2,3,2,5],[3,3,3,5],[4,3,4,5],[5,3,5,5],[6,3,6,5],[7,3,7,5],[8,3,8,5],[9,3,9,5],[10,3,10,5],[11,3,11,5],[12,3,12,5],[13,3,13,5],[14,3,14,5],[15,3,15,5],[16,3,16,5],[17,3,17,5],[18,3,18,5],[19,3,19,5],[20,3,20,5],[21,3,21,5],[22,3,22,5],[23,3,23,5],[24,3,24,5],[25,3,25,5],[26,3,26,5],[27,3,27,5],[28,3,28,5],[29,3,29,5],[30,3,30,5],[31,3,31,5],[32,3,32,5],[33,3,33,5],[34,3,34,5],[35,3,35,5],[36,3,36,5],[37,0,37,5]]}
["规费和税金项目清单与计价表"]
["工程名称：南村派出所内部道路铺设沥青工程",{"$nulls":4},"第 1 页  共 1 页"]
["序号","项 目 名 称","计 算 基 础","费率（%）",null,null,"金额（元）"]
["1","增值税销项税额","分部分项合计+措施合计+其他项目","9",null,null,26458.24]
{"$rows_empty":33}
["合计",{"$nulls":5},26458.24]

{"sheet":"5.5主要材料价格表","index":5,"n_rows":37,"n_cols":10,"rows_kept":37,"merged":[[0,0,0,9],[1,0,1,5],[1,7,1,9],[2,5,2,7],[3,5,3,7],[4,5,4,7],[5,5,5,7],[6,5,6,7],[7,5,7,7],[8,5,8,7],[9,5,9,7],[10,5,10,7],[11,5,11,7],[12,5,12,7],[13,5,13,7],[14,5,14,7],[15,5,15,7],[16,5,16,7],[17,5,17,7],[18,5,18,7],[19,5,19,7],[20,5,20,7],[21,5,21,7],[22,5,22,7],[23,5,23,7],[24,5,24,7],[25,5,25,7],[26,5,26,7],[27,5,27,7],[28,5,28,7],[29,5,29,7],[30,5,30,7],[31,5,31,7],[32,5,32,7],[33,5,33,7],[34,5,34,7],[35,5,35,7],[36,5,36,7]]}
["主要材料价格表"]
["工程名称：南村派出所内部道路铺设沥青工程",{"$nulls":6},"第 1 页  共 1 页"]
["序号","材料编码","材料名称","规格","单位","数量",null,null,"市场价\n（元）","市场价合计（元）"]
[1,"03139561","铣刨鼓边刀",null,"把",49.2431,null,null,32.6,1605.33]
[2,"0413001","标准砖","240×115×53","千块",0.9644,null,null,339.35,327.27]
[3,"13010530","热塑标线底漆",null,"kg",20.4952,null,null,9.9,202.9]
[4,"13110040","热熔标线涂料",null,"kg",587.4889,null,null,3.6,2114.96]
[5,"13310050","乳化沥青",null,"kg",2172.665,null,null,3.23,7017.71]
[6,"14030001","柴油",null,"t",0.1343,null,null,5440,730.59]
[7,"14390080","液化石油气",null,"m3",18.9279,null,null,8.28,156.72]
[8,"36210030","反光材料(玻璃珠)",null,"kg",40.0259,null,null,2.54,101.67]
[9,"99450760","其他材料费",null,"元",144.94,null,null,1,144.94]
[10,"9946131","其他材料费",null,"元",110.682,null,null,1,110.68]
[11,"8001597-03","预拌砂浆(湿拌)","M7.5 水泥砂浆","m3",2.22,null,null,625,1387.5]
[12,"8001597-06","预拌砂浆(湿拌)","1:2 水泥砂浆","m3",0.616,null,null,665,409.64]
{"$rows_empty":21}
[null,null,"合  计",{"$nulls":6},14309.91]

{"sheet":"1.1.2综合单价计算表","index":6,"n_rows":27,"n_cols":9,"rows_kept":27,"merged":[[0,0,0,8],[1,0,1,5],[1,6,1,8],[2,0,2,0],[2,1,2,1],[2,2,2,3],[2,4,2,4],[2,5,2,6],[2,7,2,7],[3,0,3,0],[3,2,3,3],[3,5,3,6],[4,0,4,0],[4,2,4,3],[4,5,4,6],[5,0,5,0],[5,2,5,3],[5,5,5,6],[6,0,7,0],[6,2,6,3],[6,5,6,6],[7,2,7,3],[7,5,7,6],[8,0,8,0],[8,2,8,3],[8,5,8,6],[9,0,9,0],[9,2,9,3],[9,5,9,6],[10,0,10,0],[10,2,10,3],[10,5,10,6],[11,0,11,0],[11,2,11,3],[11,5,11,6],[12,0,12,0],[12,2,12,3],[12,5,12,6],[13,0,13,0],[13,2,13,3],[13,5,13,6],[14,0,14,0],[14,2,14,3],[14,5,14,6],[15,0,15,0],[15,2,15,3],[15,5,15,6],[16,0,16,0],[16,2,16,3],[16,5,16,6],[17,0,17,0],[17,2,17,3],[17,5,17,6],[18,0,18,0],[18,2,18,3],[18,5,18,6],[19,0,19,0],[19,2,19,3],[19,5,19,6],[20,0,20,0],[20,2,20,3],[20,5,20,6],[21,0,21,0],[21,2,21,3],[21,5,21,6],[22,0,22,0],[22,2,22,3],[22,5,22,6],[23,0,23,0],[23,2,23,3],[23,5,23,6],[24,0,24,0],[24,2,24,3],[24,5,24,6],[25,0,25,0],[25,2,25,3],[25,5,25,6],[26,2,26,3],[26,5,26,6]]}
["综合单价计算表"]
["工程名称：南村派出所内部道路铺设沥青工程",{"$nulls":5},"第 1 页 共 1 页"]
["序号","编码","名称",null,"单位","工程量",null,"综合单价\n（元）","综合合价\n（元）"]
[1,"041001004001","铣刨路面",null,"m2","2984.43",null,8.96,26740.49]
[null,"D1-4-85","铣刨机铣刨路面 混凝土路面(厚5cm内)",null,"1000m2",2.98443,null,8960.29,26741.36]
[2,"040103002001","余方弃置",null,"m3","29.8443",null,60.67,1810.65]
[null,"D1-1-125","装载机装松散石方",null,"1000m3天然密实方",0.029844,null,6525.19,194.74]
[null,"D1-1-126 换","自卸汽车运石方 运距1km \u007f实际运距(km):15",null,"1000m3天然密实方",0.029844,null,54149.99,1616.05]
[3,"040203003001","透层、粘层",null,"m2","2984.43",null,3.02,9012.98]
[null,"D2-3-31 换","喷洒乳化沥青 喷油量(1kg/m2)",null,"100m2",29.8443,null,301.6,9001.04]
[4,"040203006001","沥青混凝土",null,"m2","2984.43",null,80.05,238903.62]
[null,"D2-3-44","机械摊铺沥青混凝土路面 细粒式",null,"100m3",1.342994,null,177884.86,238898.3]
[5,"040204006001","检查井升降",null,"座","36",null,144.38,5197.68]
[null,"借R3-2-43 *0.3","行车路检查(沉砂)井 升高0.15m内 \u007f合并制作子目 预拌砂浆(湿拌) 1:2 水泥砂浆 \u007f合并制作子目 预拌砂浆(湿拌) M7.5 水泥砂浆 \u007f单价*0.3",null,"座",36,null,144.38,5197.68]
[6,"040204006002","检查井升降",null,"座","20",null,98.45,1969]
[null,"借R3-2-47 *0.225","行车路平入式 升高0.2m内 \u007f合并制作子目 预拌砂浆(湿拌) 1:2 水泥砂浆 \u007f合并制作子目 预拌砂浆(湿拌) M7.5 水泥砂浆 \u007f单价*0.225",null,"座",20,null,98.45,1969]
[7,"040205006001","标线",null,"m2","115.4",null,33.64,3882.06]
[null,"D2-5-32","热熔标线 普通型",null,"10m2",11.54,null,336.35,3881.48]
[8,"040205007001","标记",null,"个","4",null,24.89,99.56]
[null,"D2-5-36","箭头 热熔型漆",null,"10m2",0.22,null,452.53,99.56]
[9,"040205007002","标记",null,"个","3",null,31.68,95.04]
[null,"D2-5-36","箭头 热熔型漆",null,"10m2",0.21,null,452.53,95.03]
[]
[]
[]
[]
[null,null,"合   计",{"$nulls":5},287711.08]